| 000 | 01024nam a2200229Ia 4500 | ||
|---|---|---|---|
| 003 | IN-BaIIA | ||
| 008 | 211028s9999 xx 000 0 eng d | ||
| 020 | _a1-886733-95-3 | ||
| 040 | _cIIA Library | ||
| 080 |
_a082.2:52 _bASP-173 |
||
| 111 |
_aGranada Workshop on Theory and Tests of Convection in Stellar Structure _cGranada, Spain _d1998 Sep. 30-Oct. 2 _923818 |
||
| 245 | 0 |
_aTheory and tests of convection in stellar structure _bproceedings of first Granada workshop on theory and tests of convection in stellar structure, held in Granada, Spain, 30 Sep - 2 Oct 1998 _cedited by A. Gimenez, E. F. Guinan and B. Montesinos |
|
| 260 |
_aCalifornia _bAstronomical Society of the Pacific _c1999 |
||
| 300 | _axxxvii, 394p. | ||
| 490 | _aASP conference series; vol. 173 | ||
| 650 |
_aConvection _921799 |
||
| 650 | _aStellar structure | ||
| 700 |
_aGimenez, A., ed. _923819 |
||
| 700 |
_aGuinan, E. F., ed. _923820 |
||
| 700 |
_aMontesinos, B., ed. _923821 |
||
| 942 | _cBK | ||
| 999 |
_c13588 _d13588 |
||